000 00301 a2200109 4500
000 nam a22 7a 4500
020 _a9789391502492
100 _aTomasi,Omar Mei
_9103
245 _aManufacturing management and decision support systems
260 _bKnowledge Bakers
_c2023
264 _bKnowledge Bakers
999 _c35989
_d35989